| 000 | 00714pam a2200241 a 4500 | ||
|---|---|---|---|
| 001 | 564292 | ||
| 003 | NUST - PNEC | ||
| 005 | 20170116181017.0 | ||
| 008 | 890817s1991 nyua 001 0 eng | ||
| 010 | _a 89023438 | ||
| 020 | _a0716782030 : | ||
| 040 | _cLIBRARY | ||
| 082 | 0 | 0 | _a621.382 LEB |
| 100 | 1 | _aLebow, Irwin. | |
| 245 | 1 | 4 |
_aThe digital connection : _ba layman's guide to the information age / _cIrwin Lebow. |
| 260 |
_aNew York : _bComputer Science Press, _cc1991. |
||
| 300 |
_axvi, 261 p. : _bill. ; _c24 cm. |
||
| 504 | _aIncludes index. | ||
| 650 | 0 |
_aDigital electronics _xEL |
|
| 906 |
_a7 _bcbc _corignew _d1 _eocip _f19 _gy-gencatlg |
||
| 942 |
_2ddc _cBK |
||
| 999 |
_c67296 _d67296 |
||